| 000 | 00480nam a2200157 a 4500 | ||
|---|---|---|---|
| 999 |
_c4378 _d4378 |
||
| 020 | _a8188237787 (paperback) | ||
| 020 | _a9788188237784 (paperback) | ||
| 100 | 1 | _aAnjaneyulu, Y. | |
| 245 | 1 | 0 | _aC for Environmental Scientists and Engineers / |
| 260 |
_a[S.l.] : _bI K International Publishing House, _c2006. |
||
| 300 | _a442 p. ; | ||
| 650 | _aEnvironment | ||
| 700 | 1 | _aManickam, V. | |
| 856 | 4 | 0 | _uhttp://www.amazon.com/exec/obidos/ASIN/8188237787/chopaconline-20 |
| 942 | _cBK | ||